000 00628nam a2200181 4500
001 144176
003 ES-MaACL
007 t|
008 070214s1975 sp r ||||1| spa d
100 1 _aSims, Harold,
_d1935-
_9106603
245 1 3 _aLa expulsión de los españoles de México
_b: (1821-1828) /
_cHarold D. Sims ; [traducción: Roberto Gómez Ciriza].
250 _a1ª ed.
260 _aMadrid :
_bFondo de Cultura Económica,
_c1975 (
_eBarcelona :
_fRomanya Valls)
300 _a300 p. ;
_c21 cm.
700 1 _aGómez Ciriza, Roberto.
_957873
852 _aES-MaACL
_jE-8364
_bR.92727
999 _c144176
_d144176